01172nam a2200217 a 450000100100000000500170001000800410002702000180006802000180008604100080010404300120011210000330012424500710015725000120022826000400024030000450028050005300032565000370085565000240089270000380091600008574820200120224918.0180725s2016 ck a b 000 | spa d a9789585961906 a9789585961951 aspa as-ck---1 aObeso, Candelariod1849-188410aAdiós. /cCandelario Obeso ; ilustraciones: Juan Camilo Mayorga. a1a. ed. aBogotá :bCataplum Libros,c2016. a[22] páginas :bilustraciones a color. a"Adiós es un poema que recrea la alegría de un personaje de la costa que, después de una temporada alejado de su tierra natal, se prepara para volver. El poeta compara aquellas cosas que mas le gustan de su tierra (en especial el mar, que es un leit motiv) con las que hay en la ciudad andina en la que se encuentra. A este texto lo acompañan imágenes nostálgicas en las que el personaje se hunde en una ensoñación de su tierra natal y que, paralelo al texto, sugieren otra historia y otra lectura del poema."14aLiteratura colombianaySiglo XIX24aPoesía colombiana1 aMayorga, Juan Camiloeilustrador.